000 00546nam a2200169Ia 4500
003 LDD
008 190117s9999 xx 000 0 und d
020 _c₹100
040 _cLDD
041 _ahi
082 _a8H1.2 ल7759स
100 _aलक्ष्मीनारायण
245 0 _aसनातन रामवृत्त और गोस्वामी तुलसीदास
_cलक्ष्मीनारायण
260 _aपिलानी
_bचिन्ता
_c1987
300 _a168प्र.
942 _2ddc
_cH
999 _c168955
_d168955